000 00217 a2200097 4500
001 56995
100 _a
245 _aDisney learning our world
260 _aIndia
_bSterling Pub
_c2007
090 _c34922
_d34922
942 _aNUST-CAE
_cMONOGRAPH
_c27694
999 _c292068
_d292068